[Event "SVK-ch Rapid"]
[Site "Podbanske"]
[Date "2023.09.30"]
[Round "6"]
[White "Gombocz, Ferenc Jr"]
[Black "Lausman, Petr"]
[Result "1-0"]
[WhiteElo "2314"]
[BlackElo "1816"]
[PlyCount "93"]
[EventDate "2023.09.30"]
[EventType "tourn (rapid)"]
[EventRounds "10"]
[EventCountry "SVK"]
[SourceTitle "CBM 216 Extra"]
[Source "ChessBase"]
[SourceDate "2023.11.30"]
[SourceVersion "1"]
[SourceVersionDate "2023.11.30"]
[SourceQuality "1"]

1. c4 e5 2. g3 Bc5 3. Bg2 d6 4. Nc3 Nc6 5. e3 Nf6 6. Nge2 Bg4 7. h3 Bf5 8. 0-0 Qd7 9. d4 exd4 10. exd4 Bb6 11. g4 Bg6 12. f4 Nxg4 13. hxg4 Qxg4 14. Be3 0-0-0 15. Qd2 Rhe8 16. Nd5 Ba5 17. Nec3 Re6 18. Qf2 Bd3 19. Rfd1 Bxc4 20. b3 Bxd5 21. Nxd5 Rde8 22. f5 Re4 23. Kf1 Bc3 24. Bxe4 Bxa1 25. Bf3 Qxf5 26. Rxa1 Qd3+ 27. Be2 Qg6 28. Rc1 f5 29. Qf3 Qe6 30. Bb5 f4 31. Bf2 g5 32. Re1 Qf7 33. Qg4+ Kb8 34. Rxe8+ Qxe8 35. Qxg5 f3 36. Bxc6 bxc6 37. Qe7 Qc8 38. Nf4 Qa6+ 39. Kg1 Qxa2 40. Ne6 Qa5 41. Qe8+ Kb7 42. Nd8+ Ka6 43. Qxc6+ Qb6 44. d5 Qxc6 45. Nxc6 Kb5 46. Bxa7 Ka6 47. Kf2 1-0

[Event "Trebic Highlands op 09th"]
[Site "Trebic"]
[Date "2013.09.23"]
[Round "4"]
[White "Bartos, Jan"]
[Black "Lausman, Petr"]
[Result "1-0"]
[WhiteElo "2267"]
[BlackElo "2004"]
[PlyCount "119"]
[EventDate "2013.09.21"]
[EventType "swiss"]
[EventRounds "9"]
[EventCountry "CZE"]
[SourceTitle "CBM 156 Extra"]
[Source "ChessBase"]
[SourceDate "2013.10.22"]
[SourceVersion "1"]
[SourceVersionDate "2013.10.22"]
[SourceQuality "1"]

1. d4 Nf6 2. c4 d6 3. Nc3 g6 4. e4 Bg7 5. f3 Nc6 6. Be3 e5 7. Nge2 0-0 8. d5 Ne7 9. g4 a6 10. Ng3 Ne8 11. Qd2 f5 12. gxf5 gxf5 13. Nh5 f4 14. Bf2 Ng6 15. Nxg7 Nxg7 16. 0-0-0 b6 17. Be2 Nh5 18. Rdg1 Bh3 19. Qe1 Kf7 20. Bf1 Bd7 21. h4 Rg8 22. Rg5 Nf6 23. Bh3 Bxh3 24. Rxh3 Qd7 25. Rh1 Ne7 26. Qf1 Rg6 27. Ne2 Rag8 28. Rhg1 h6 29. Rxg6 Rxg6 30. Rxg6 Nxg6 31. b3 h5 32. Qg2 Nh7 33. Ng1 Ngf8 34. Kd2 a5 35. Kc3 Qc8 36. a3 Qd7 37. Qh3 Ke7 38. Qxd7+ Kxd7 39. b4 axb4+ 40. axb4 Ng6 41. c5 bxc5 42. bxc5 c6 43. Kc4 cxd5+ 44. Kxd5 Nf6+ 45. Kc4 Kc6 46. cxd6 Kxd6 47. Ne2 Kc6 48. Nc1 Nd7 49. Nd3 Nb6+ 50. Bxb6 Kxb6 51. Kd5 Nxh4 52. Nxe5 Kc7 53. Ke6 Ng2 54. Kf5 Kd6 55. Ng6 Kd7 56. Kg5 Ke8 57. Kxh5 Kf7 58. Nh4 Ne1 59. Kg4 Kf6 60. Kxf4 1-0

[Event "Trebic Highlands op 09th"]
[Site "Trebic"]
[Date "2013.09.22"]
[Round "2"]
[White "Zlamal, Zdenek"]
[Black "Lausman, Petr"]
[Result "0-1"]
[WhiteElo "1504"]
[BlackElo "2004"]
[PlyCount "58"]
[EventDate "2013.09.21"]
[EventType "swiss"]
[EventRounds "9"]
[EventCountry "CZE"]
[SourceTitle "CBM 156 Extra"]
[Source "ChessBase"]
[SourceDate "2013.10.22"]
[SourceVersion "1"]
[SourceVersionDate "2013.10.22"]
[SourceQuality "1"]

1. e4 d5 2. exd5 Qxd5 3. Nc3 Qa5 4. d4 Nf6 5. Bd2 c6 6. Nf3 Bg4 7. h3 Bh5 8. Be2 e6 9. a3 Nbd7 10. Nb5 Qb6 11. Nc3 Bxf3 12. Bxf3 Qxd4 13. 0-0 Ne5 14. Qe2 Nxf3+ 15. gxf3 Qh4 16. Kg2 Bd6 17. Rh1 0-0-0 18. Be3 Nh5 19. Ne4 Bc7 20. Rag1 Rd5 21. Kf1 Rhd8 22. Rg4 Qe7 23. Nc3 R5d7 24. Kg2 f5 25. Ra4 Bb6 26. Rd1 Bxe3 27. fxe3 Qg5+ 28. Kf2 Qg3+ 29. Kf1 Qxh3+ 0-1

[Event "Sunny Beach op 10th"]
[Site "Sunny Beach"]
[Date "2011.08.31"]
[Round "5"]
[White "Lausman, Petr"]
[Black "Petruzalek, Radim"]
[Result "1-0"]
[WhiteElo "2026"]
[BlackElo "1626"]
[PlyCount "39"]
[EventDate "2011.08.27"]
[EventType "swiss"]
[EventRounds "9"]
[EventCountry "BUL"]
[SourceTitle "CBM 144 Extra"]
[Source "ChessBase"]
[SourceDate "2011.10.28"]
[SourceVersion "1"]
[SourceVersionDate "2011.10.28"]
[SourceQuality "1"]

1. e4 c6 2. d4 d5 3. Nc3 dxe4 4. Nxe4 Bf5 5. Ng3 Bg6 6. f4 h6 7. Nf3 Nd7 8. Bc4 e6 9. 0-0 Ngf6 10. c3 Bd6 11. Qe1 Nd5 12. f5 Bxg3 13. Qxg3 exf5 14. Re1+ Ne7 15. Nh4 Nf8 16. Bf4 Kd7 17. d5 Nxd5 18. Rad1 Kc8 19. Re5 Qb6+ 20. Be3 1-0

[Event "Sunny Beach op 10th"]
[Site "Sunny Beach"]
[Date "2011.08.29"]
[Round "3"]
[White "Lausman, Petr"]
[Black "Boguszlavszkij, Jevgenyij"]
[Result "0-1"]
[WhiteElo "2026"]
[BlackElo "2212"]
[PlyCount "86"]
[EventDate "2011.08.27"]
[EventType "swiss"]
[EventRounds "9"]
[EventCountry "BUL"]
[SourceTitle "CBM 144 Extra"]
[Source "ChessBase"]
[SourceDate "2011.10.28"]
[SourceVersion "1"]
[SourceVersionDate "2011.10.28"]
[SourceQuality "1"]

1. e4 g6 2. d4 c6 3. Bd3 Bg7 4. Ne2 d5 5. e5 Nh6 6. 0-0 0-0 7. Nd2 c5 8. c3 Nc6 9. f4 Bf5 10. Nf3 cxd4 11. Nexd4 Qb6 12. Kh1 Bxd3 13. Qxd3 e6 14. Nb3 Nf5 15. g4 Nfe7 16. Be3 Qd8 17. Ng5 b6 18. Rae1 Qc7 19. Bd4 h6 20. Nf3 Rac8 21. Nh4 g5 22. f5 gxh4 23. f6 Ng6 24. fxg7 Kxg7 25. g5 h5 26. Qf3 Qe7 27. Qxh5 Rh8 28. Qg4 h3 29. Rf6 Qc7 30. Qf3 Rcf8 31. Qg3 Kg8 32. Re2 Nce7 33. Rf1 Nf5 34. Qd3 Qe7 35. Rxf5 exf5 36. Qxf5 Qe6 37. Qd3 Nf4 38. Qf3 Nxe2 39. Qxe2 Rh4 40. Nd2 Rc8 41. Qf2 Rg4 42. Qe3 f5 43. Nf3 Re4 0-1

[Event "CZE-chT2C 1011"]
[Site "Czech Republic"]
[Date "2011.03.27"]
[Round "10.7"]
[White "Jiruse, Josef"]
[Black "Lausman, Petr"]
[Result "0-1"]
[WhiteElo "2072"]
[BlackElo "2033"]
[PlyCount "66"]
[EventDate "2010.10.17"]
[EventType "team-tourn"]
[EventRounds "11"]
[EventCountry "CZE"]
[SourceTitle "EXT 2012"]
[Source "ChessBase"]
[SourceDate "2011.11.24"]
[SourceVersion "1"]
[SourceVersionDate "2011.11.24"]
[SourceQuality "1"]
[WhiteTeam "Hradec Kralove II"]
[BlackTeam "Pardubice Bohemia"]
[WhiteTeamCountry "CZE"]
[BlackTeamCountry "CZE"]

1. e4 d5 2. e5 Bf5 3. d4 e6 4. Be3 Ne7 5. Ne2 Nd7 6. Ng3 c6 7. c4 Bxb1 8. Rxb1 dxc4 9. Bxc4 Nb6 10. b3 Ned5 11. Bd2 Qh4 12. Ne2 Be7 13. 0-0 0-0 14. a4 a5 15. Qc1 Rfd8 16. g3 Qe4 17. f3 Qg6 18. Kg2 Nb4 19. Be3 Qc2 20. Qxc2 Nxc2 21. Bg1 Na3 22. Rb2 Bb4 23. Bd3 Nd5 24. Ra2 c5 25. Rfa1 cxd4 26. Nxd4 Bc3 27. Rxa3 Nb4 28. Rd1 Bb2 29. Raa1 Bxa1 30. Bxh7+ Kxh7 31. Rxa1 Rxd4 32. Bxd4 Nc2 33. Rd1 Rd8 0-1

[Event "Kesarovski Georgiev Memorial 9th"]
[Site "Sunny Beach"]
[Date "2010.09.05"]
[Round "9"]
[White "Petrov, Martin"]
[Black "Lausman, Petr"]
[Result "1/2-1/2"]
[WhiteElo "1858"]
[BlackElo "2033"]
[PlyCount "96"]
[EventDate "2010.08.28"]
[EventType "swiss"]
[EventRounds "9"]
[EventCountry "BUL"]
[SourceTitle "CBM 138 Extra"]
[Source "ChessBase"]
[SourceDate "2010.10.29"]
[SourceVersion "1"]
[SourceVersionDate "2010.10.29"]
[SourceQuality "1"]

1. e4 e5 2. Nf3 Nc6 3. Nc3 Bc5 4. Nxe5 Nxe5 5. d4 Bxd4 6. Qxd4 d6 7. f4 Qh4+ 8. g3 Nf3+ 9. Kd1 Nxd4 10. gxh4 Bg4+ 11. Kd2 0-0-0 12. Bd3 f5 13. Ke3 c5 14. h3 Bf3 15. Rg1 Nf6 16. exf5 d5 17. Nb5 Nxb5 18. Bxb5 Be4 19. Bd3 Rhe8 20. Kf2 Re7 21. Bd2 c4 22. Bb4 Rf7 23. Bxe4 Nxe4+ 24. Ke3 Rdd7 25. Raf1 Rxf5 26. Kd4 Rh5 27. Rg4 Nf6 28. Rg5 Rxh4 29. Rf3 Kc7 30. Be1 Rh5 31. Rxh5 Nxh5 32. b3 b5 33. Re3 Nxf4 34. Bg3 g5 35. h4 h6 36. hxg5 hxg5 37. Re5 Kc6 38. Bxf4 gxf4 39. Rf5 Re7 40. Rf6+ Kb7 41. Rxf4 Re2 42. Kxd5 Rxc2 43. bxc4 bxc4 44. Rxc4 Rxa2 45. Kc5 a6 46. Rh4 Ra5+ 47. Kb4 Rb5+ 48. Ka4 Rc5 1/2-1/2

[Event "Kesarovski Georgiev Memorial 9th"]
[Site "Sunny Beach"]
[Date "2010.08.31"]
[Round "4"]
[White "Lausman, Petr"]
[Black "Hadzimanolis, Antonios"]
[Result "0-1"]
[WhiteElo "2033"]
[BlackElo "2341"]
[PlyCount "120"]
[EventDate "2010.08.28"]
[EventType "swiss"]
[EventRounds "9"]
[EventCountry "BUL"]
[SourceTitle "CBM 138 Extra"]
[Source "ChessBase"]
[SourceDate "2010.10.29"]
[SourceVersion "1"]
[SourceVersionDate "2010.10.29"]
[SourceQuality "1"]

1. e4 e5 2. Nf3 Nc6 3. Bc4 Nf6 4. d3 Be7 5. Nc3 0-0 6. 0-0 d6 7. h3 Na5 8. Bb3 c6 9. Nh2 Kh8 10. f4 exf4 11. Bxf4 Ng8 12. Ng4 f5 13. Nf2 fxe4 14. Nfxe4 d5 15. Ng3 Qe8 16. Nce2 Qg6 17. Qd2 Nxb3 18. axb3 Bd7 19. Qe3 a6 20. Be5 Rae8 21. Nf4 Qg5 22. Ngh5 Qxe5 23. Qxe5 Bc5+ 24. d4 Rxe5 25. dxc5 Rfe8 26. Ng3 g6 27. Nd3 Re3 28. Kf2 Kg7 29. Rae1 Rxe1 30. Rxe1 Rxe1 31. Nxe1 Kf6 32. Nf3 Ne7 33. b4 Be8 34. Nd4 g5 35. Kf3 Ke5 36. c3 h5 37. Nb3 h4 38. Nf1 Bd7 39. Ne3 Ng6 40. Ng4+ Ke6 41. Nd4+ Ke7 42. Ne2 Bf5 43. Nf2 Ne5+ 44. Ke3 Nc4+ 45. Kd4 Nxb2 46. g3 hxg3 47. Nxg3 Be6 48. Nf1 Nc4 49. Nh2 a5 50. bxa5 Nxa5 51. Nf3 Kf6 52. Ng4+ Bxg4 53. hxg4 Nb3+ 54. Ke3 Nxc5 55. Nd4 Na4 56. Kd3 Ke5 57. Ne2 Nb2+ 58. Ke3 Nd1+ 59. Kf3 c5 60. Nc1 Nxc3 0-1

[Event "Kesarovski Georgiev Memorial 9th"]
[Site "Sunny Beach"]
[Date "2010.08.30"]
[Round "3"]
[White "Milfort, Vaclav"]
[Black "Lausman, Petr"]
[Result "0-1"]
[WhiteElo "1661"]
[BlackElo "2033"]
[PlyCount "80"]
[EventDate "2010.08.28"]
[EventType "swiss"]
[EventRounds "9"]
[EventCountry "BUL"]
[SourceTitle "CBM 138 Extra"]
[Source "ChessBase"]
[SourceDate "2010.10.29"]
[SourceVersion "1"]
[SourceVersionDate "2010.10.29"]
[SourceQuality "1"]

1. d4 Nf6 2. Nf3 d6 3. c4 g6 4. Nc3 Bg7 5. e4 0-0 6. Be2 Nc6 7. 0-0 e5 8. dxe5 Nxe5 9. Nxe5 dxe5 10. Bg5 c6 11. Qc2 Be6 12. Rfd1 Qc7 13. Rd2 Rad8 14. Rad1 h6 15. Be3 b6 16. Rxd8 Rxd8 17. Rxd8+ Qxd8 18. Qc1 Kh7 19. h3 Ne8 20. b3 f5 21. exf5 gxf5 22. Qc2 Qh4 23. Bg4 Qf6 24. Ne2 Kg8 25. Bh5 Nc7 26. Nc1 e4 27. Be2 f4 28. Bd2 f3 29. Bf1 Bf5 30. Be3 Qg6 31. Kh1 Be5 32. Qd2 Ne6 33. Bxh6 Qh5 34. Be3 fxg2+ 35. Bxg2 Bxh3 36. f3 Bg4+ 37. Kg1 Qh2+ 38. Kf1 exf3 39. Bg1 fxg2+ 40. Qxg2 Qf4+ 0-1

[Event "Kesarovski Georgiev Memorial 8th"]
[Site "Sunny Beach"]
[Date "2009.09.08"]
[Round "2"]
[White "Lausman, Petr"]
[Black "Arnaudov, Petar"]
[Result "0-1"]
[WhiteElo "2048"]
[BlackElo "2221"]
[PlyCount "121"]
[EventDate "2009.09.07"]
[EventType "swiss"]
[EventRounds "9"]
[EventCountry "BUL"]
[SourceTitle "CBM 132 Extra"]
[Source "ChessBase"]
[SourceDate "2009.11.03"]
[SourceVersion "1"]
[SourceVersionDate "2009.11.03"]
[SourceQuality "1"]

1. e4 c5 2. Nf3 g6 3. d4 Bg7 4. c3 Qa5 5. Nbd2 cxd4 6. Nb3 Qc7 7. Nfxd4 Nc6 8. Bd3 Nf6 9. 0-0 0-0 10. f4 d6 11. Qe1 e5 12. Nxc6 Qxc6 13. f5 d5 14. Nd2 gxf5 15. exf5 e4 16. Bc2 Kh8 17. Nb3 Rg8 18. Qh4 Qb6+ 19. Kh1 Bd7 20. Nd4 Bb5 21. Nxb5 Qxb5 22. Bg5 Qxb2 23. Bxf6 Qxc2 24. Rf2 Qd3 25. Rf4 Qa6 26. Bd4 Bxd4 27. cxd4 Rg7 28. Qe7 f6 29. Qc5 Qc6 30. Qa3 Rag8 31. Rf2 Qb6 32. Rd1 Rc7 33. h3 Qa6 34. Qb4 Qc4 35. Qd6 Qc6 36. Qa3 b5 37. Qb4 Qb6 38. Rb2 a6 39. a4 Rc4 40. Qe7 b4 41. a5 Qd8 42. Qe6 Rg3 43. Qxa6 Ra3 44. Qb7 Rxa5 45. Rxb4 Rxb4 46. Qxb4 Ra7 47. Qc5 Rc7 48. Qb6 Kg7 49. Re1 Qc8 50. Rf1 Rc1 51. Rxc1 Qxc1+ 52. Kh2 Qf4+ 53. Kg1 Qxf5 54. Qc7+ Kg6 55. Qd8 Qe6 56. Kf2 h5 57. h4 Kf5 58. Qe8 e3+ 59. Ke1 Kg4 60. g3 Kf3 61. Qd8 0-1

[Event "Kesarovski Georgiev Memorial 7th"]
[Site "Sunny Beach"]
[Date "2008.09.11"]
[Round "5"]
[White "Yordanov, Nikolay"]
[Black "Lausman, Petr"]
[Result "1-0"]
[WhiteElo "2232"]
[BlackElo "2075"]
[PlyCount "49"]
[EventDate "2008.09.08"]
[EventType "swiss"]
[EventRounds "9"]
[EventCountry "BUL"]
[SourceTitle "CBM 126 Extra"]
[Source "ChessBase"]
[SourceDate "2008.11.05"]
[SourceVersion "1"]
[SourceVersionDate "2008.11.05"]
[SourceQuality "1"]

1. e4 d5 2. exd5 Qxd5 3. Nc3 Qa5 4. d4 Nf6 5. Bc4 Bg4 6. f3 Bh5 7. Bd2 c6 8. Qe2 Qc7 9. g4 Bg6 10. Nh3 e6 11. 0-0-0 Nbd7 12. Ng5 0-0-0 13. Bxe6 fxe6 14. Nxe6 Re8 15. Nxc7 Rxe2 16. Nxe2 Kxc7 17. Nf4 Bf7 18. Rde1 Bd6 19. Ne6+ Bxe6 20. Rxe6 Rf8 21. c4 b6 22. Rhe1 Rf7 23. Rxd6 Nf8 24. Bf4 Kb7 25. Bg3 1-0

[Event "Zdar nad Sazavou Vysocina op-B 4th"]
[Site "Zdar nad Sazavou"]
[Date "2007.09.26"]
[Round "5"]
[White "Lausman, Petr"]
[Black "Schwenke, Markus"]
[Result "0-1"]
[WhiteElo "2091"]
[BlackElo "2092"]
[PlyCount "76"]
[EventDate "2007.09.22"]
[EventType "swiss"]
[EventRounds "9"]
[EventCountry "CZE"]
[SourceTitle "EXT 2008"]
[Source "ChessBase"]
[SourceDate "2007.11.25"]
[SourceVersion "1"]
[SourceVersionDate "2007.11.25"]
[SourceQuality "1"]

1. e4 c6 2. d4 d5 3. e5 Bf5 4. f4 h5 5. Nf3 e6 6. Be2 c5 7. c3 Nc6 8. 0-0 Qb6 9. Kh1 Nh6 10. Nbd2 Ng4 11. Nb3 c4 12. Nc5 Bxc5 13. dxc5 Qxc5 14. Qe1 g6 15. h3 Ne3 16. Bxe3 Qxe3 17. Ng5 Nxe5 18. Qh4 Nd7 19. Rae1 Qb6 20. Bf3 Kf8 21. g4 Bd3 22. Rg1 Re8 23. gxh5 f6 24. Nf7 Kxf7 25. Rg2 Reg8 26. Reg1 Nf8 27. Bg4 Be4 28. hxg6+ Nxg6 29. Bh5 Rh6 30. Kh2 Bxg2 31. Rxg2 Ke7 32. Qg4 Qe3 33. Rg3 Qxf4 34. Qxf4 Nxf4 35. Rxg8 Rxh5 36. Rg7+ Kd6 37. Rxb7 Rxh3+ 38. Kg1 Nd3 0-1

[Event "Zdar nad Sazavou Vysocina op-B 4th"]
[Site "Zdar nad Sazavou"]
[Date "2007.09.24"]
[Round "3"]
[White "Lausman, Petr"]
[Black "Grossmann, Herbert"]
[Result "0-1"]
[WhiteElo "2091"]
[BlackElo "2136"]
[PlyCount "56"]
[EventDate "2007.09.22"]
[EventType "swiss"]
[EventRounds "9"]
[EventCountry "CZE"]
[SourceTitle "EXT 2008"]
[Source "ChessBase"]
[SourceDate "2007.11.25"]
[SourceVersion "1"]
[SourceVersionDate "2007.11.25"]
[SourceQuality "1"]

1. e4 d6 2. Bc4 Nf6 3. d3 c6 4. Bb3 g6 5. Ne2 Bg7 6. Nbc3 0-0 7. 0-0 Nbd7 8. f4 Nc5 9. Qe1 a5 10. e5 Nxb3 11. exf6 Nxc1 12. fxg7 Nxe2+ 13. Nxe2 Kxg7 14. b3 a4 15. h4 Bf5 16. Ng3 e6 17. h5 Qf6 18. Rc1 axb3 19. axb3 d5 20. Qb4 b5 21. Qc5 Ra6 22. hxg6 hxg6 23. Ne2 Re8 24. Rce1 e5 25. fxe5 Rxe5 26. Nd4 Rxe1 27. Nxf5+ Qxf5 28. Qd4+ Qe5 0-1

[Event "Kesarovski Georgiev Memorial 6th"]
[Site "Sunny Beach"]
[Date "2007.09.18"]
[Round "9"]
[White "Perez Garcia, Roberto"]
[Black "Lausman, Petr"]
[Result "0-1"]
[WhiteElo "2206"]
[BlackElo "2091"]
[PlyCount "49"]
[EventDate "2007.09.10"]
[EventType "swiss"]
[EventRounds "9"]
[EventCountry "BUL"]
[SourceTitle "CBM 120 Extra"]
[Source "ChessBase"]
[SourceDate "2007.11.01"]
[SourceVersion "1"]
[SourceVersionDate "2007.11.01"]
[SourceQuality "1"]

1. d4 Nf6 2. c4 g6 3. Nc3 Bg7 4. e4 d6 5. Bd3 0-0 6. Nge2 e5 7. d5 Nbd7 8. Bc2 Ne8 9. 0-0 f5 10. f4 Qh4 11. Be3 Ndf6 12. Bf2 Qh6 13. Qc1 Ng4 14. h3 Nxf2 15. Rxf2 exf4 16. Rxf4 g5 17. Rf1 f4 18. Qd2 f3 19. Rxf3 Rxf3 20. gxf3 Bxh3 21. Ng3 Be5 22. Nce2 Bg7 23. Kf2 Qh4 24. Rg1 Be5 25. Qe1 0-1

[Event "Kesarovski Georgiev Memorial 6th"]
[Site "Sunny Beach"]
[Date "2007.09.17"]
[Round "8"]
[White "Lausman, Petr"]
[Black "Ivanov, Borislav"]
[Result "1/2-1/2"]
[WhiteElo "2091"]
[BlackElo "1915"]
[PlyCount "68"]
[EventDate "2007.09.10"]
[EventType "swiss"]
[EventRounds "9"]
[EventCountry "BUL"]
[SourceTitle "CBM 120 Extra"]
[Source "ChessBase"]
[SourceDate "2007.11.01"]
[SourceVersion "1"]
[SourceVersionDate "2007.11.01"]
[SourceQuality "1"]

1. e4 c6 2. d4 d5 3. e5 Bf5 4. f4 e6 5. Nf3 c5 6. c3 Nc6 7. Bd3 Bxd3 8. Qxd3 g6 9. 0-0 Qb6 10. Kh1 h5 11. Nbd2 Nh6 12. dxc5 Bxc5 13. Nb3 Be7 14. Be3 Qc7 15. Nbd4 Nf5 16. Rad1 Nxe3 17. Qxe3 Qb6 18. Qd3 Rc8 19. Rd2 Nxd4 20. Nxd4 Bc5 21. f5 gxf5 22. Nxf5 exf5 23. Rxf5 Rd8 24. Qf3 Qg6 25. Rf6 Qg4 26. Qf1 a6 27. h3 Qg7 28. Qf4 Rg8 29. e6 fxe6 30. Rxe6+ Be7 31. Re1 Rd7 32. Qb8+ Kf7 33. Qf4+ Ke8 34. Qb8+ Kf7 1/2-1/2

[Event "Kesarovski Georgiev Memorial 6th"]
[Site "Sunny Beach"]
[Date "2007.09.12"]
[Round "3"]
[White "Panayotov, Yanko"]
[Black "Lausman, Petr"]
[Result "1/2-1/2"]
[WhiteElo "2232"]
[BlackElo "2091"]
[PlyCount "74"]
[EventDate "2007.09.10"]
[EventType "swiss"]
[EventRounds "9"]
[EventCountry "BUL"]
[SourceTitle "CBM 120 Extra"]
[Source "ChessBase"]
[SourceDate "2007.11.01"]
[SourceVersion "1"]
[SourceVersionDate "2007.11.01"]
[SourceQuality "1"]

1. e4 d5 2. exd5 Qxd5 3. Nc3 Qa5 4. Nf3 Nf6 5. Bc4 Bg4 6. Qe2 Nbd7 7. h3 Bh5 8. g4 Bg6 9. d3 0-0-0 10. Bd2 Qb6 11. 0-0-0 e6 12. Nh4 Bd6 13. f4 c6 14. Kb1 Qc7 15. Rhf1 Nb6 16. Bb3 Nbd5 17. Qf2 a6 18. Qf3 Kb8 19. Ne4 Nxe4 20. dxe4 Nxf4 21. Rde1 e5 22. Nf5 Bxf5 23. gxf5 g6 24. Rd1 g5 25. Bxf4 exf4 26. Qh5 f6 27. c3 Be5 28. a3 Rxd1+ 29. Rxd1 Rd8 30. Kc2 Rxd1 31. Qxd1 Qb6 32. Qf3 Kc7 33. Bc4 Qg1 34. Be2 Bd6 35. Qh5 Qh2 36. Qxh7+ Kb6 37. Qh5 Qf2 1/2-1/2

[Event "CZE-chT2d 0607"]
[Site "Czech Republic"]
[Date "2007.02.11"]
[Round "7"]
[White "Lausman, Petr"]
[Black "Ptacek, Lubos"]
[Result "1/2-1/2"]
[WhiteElo "2050"]
[BlackElo "2068"]
[PlyCount "42"]
[EventDate "2006.10.15"]
[EventType "team-tourn"]
[EventRounds "11"]
[EventCountry "CZE"]
[SourceTitle "EXT 2009"]
[Source "ChessBase"]
[SourceDate "2008.11.26"]
[SourceVersion "1"]
[SourceVersionDate "2008.11.26"]
[SourceQuality "1"]

1. e4 e5 2. Nf3 Nc6 3. Bc4 Be7 4. d3 Nf6 5. Nc3 d6 6. h3 Na5 7. Bb3 Nxb3 8. axb3 0-0 9. 0-0 c6 10. Nh2 d5 11. f4 dxe4 12. fxe5 Qd4+ 13. Kh1 Qxe5 14. Nxe4 Nxe4 15. dxe4 Qxe4 16. Re1 Qb4 17. Ra4 Qd6 18. Rd4 Qf6 19. Rf4 Qd6 20. Rd4 Qf6 21. Rf4 Qd6 1/2-1/2